000 00610nam a2200229Ia 4500
003 OSt
005 20221007071444.0
006 a|||||r|||| 00| 0
007 ta
008 221006b |||||||| |||| 00| 0 eng d
024 _a13,118
037 _cTextual
040 _aFLL
_cFLL
_beng
041 _2eng
_aeng
082 _aV72:91.N72, M2
100 _aBoyer J.P. Au.
_9688797
245 0 _aLaw making by the people
260 _aLondon
_bButterworths London
_c1982
300 _axxxii,304p
_ccm.
942 _hV72:91.N72, M2
_cTEXL
_2CC
999 _c1143399
_d1143399